[Event "Toulouse op"]
[Site "Toulouse FRA"]
[Date "1997.??.??"]
[Round "2"]
[White "Delanoy, Arnaud"]
[Black "Tyomkin, Dimitri"]
[Result "0-1"]
[WhiteElo "2150"]
[BlackElo "2450"]
[PlyCount "122"]
[GameId "2129405177552569"]
[EventDate "1997.??.??"]
[EventType "swiss"]
[EventRounds "7"]
[EventCountry "FRA"]
[SourceTitle "EXT 2004"]
[Source "ChessBase"]
[SourceDate "2003.11.25"]
[SourceVersion "1"]
[SourceVersionDate "2003.11.25"]
[SourceQuality "1"]

1. e4 c5 2. Nf3 d6 3. d4 cxd4 4. Nxd4 Nf6 5. Nc3 Nc6 6. Bc4 Qb6 7. Nxc6 bxc6 8. O-O e6 9. Qe2 Be7 10. e5 dxe5 11. Qxe5 O-O 12. Na4 Qb4 13. b3 Nd5 14. Bb2 Bf6 15. Qg3 Bxb2 16. Nxb2 Bb7 17. Nd3 Qe7 18. Ne5 Rad8 19. Bd3 c5 20. Rad1 Nb4 21. Rfe1 Rd5 22. a3 Nxd3 23. Rxd3 Rxd3 24. Nxd3 h6 25. h3 Rd8 26. b4 c4 27. Nc5 Ba8 28. Qf4 Bd5 29. Re3 Kh7 30. Qf5+ Kh8 31. Qe5 f6 32. Qg3 e5 33. Qg4 Qf7 34. Re1 f5 35. Qe2 Re8 36. f3 e4 37. fxe4 fxe4 38. Qf2 Qg6 39. Re3 Qg5 40. Qg3 Qf6 41. c3 g5 42. Qf2 Qf4 43. g3 Qd6 44. Re1 h5 45. Re3 Kg7 46. Qf5 Re5 47. Qd7+ Qxd7 48. Nxd7 Rf5 49. Nc5 h4 50. Kg2 Kg6 51. g4 Rf7 52. Kg1 Re7 53. Kf2 Kf6 54. Re2 Ke5 55. Ke3 Rf7 56. Rf2 Rxf2 57. Kxf2 Kf4 58. a4 e3+ 59. Ke1 Kg3 60. Ke2 Kxh3 61. Kxe3 Kg2 0-1

[Event "Toulouse op"]
[Site "Toulouse FRA"]
[Date "1997.??.??"]
[Round "3"]
[White "Tyomkin, Dimitri"]
[Black "Boudre, Jean Pierre"]
[Result "1-0"]
[WhiteElo "2450"]
[BlackElo "2400"]
[PlyCount "62"]
[GameId "2129405177552591"]
[EventDate "1997.??.??"]
[EventType "swiss"]
[EventRounds "7"]
[EventCountry "FRA"]
[SourceTitle "EXT 2004"]
[Source "ChessBase"]
[SourceDate "2003.11.25"]
[SourceVersion "1"]
[SourceVersionDate "2003.11.25"]
[SourceQuality "1"]

1. d4 d5 2. c4 c6 3. Nf3 Nf6 4. Nc3 e6 5. e3 Nbd7 6. a3 Bd6 7. b4 O-O 8. Bb2 Qe7 9. Qc2 Re8 10. h3 e5 11. cxd5 e4 12. dxc6 exf3 13. cxd7 Bxd7 14. gxf3 Rac8 15. Bd3 Bc6 16. Qe2 Nh5 17. Ne4 f5 18. Nxd6 Qxd6 19. Bxf5 Nf4 20. Qd1 Bb5 21. Kd2 Rc4 22. Rc1 Qd5 23. Rxc4 Qxc4 24. Bc2 Nd5 25. Rg1 Kf8 26. Rg5 b6 27. e4 Nf6 28. Rf5 Bd7 29. Re5 Rd8 30. Bb3 Qc7 31. Qc2 Qxc2+ 1-0

[Event "Toulouse op"]
[Site "Toulouse FRA"]
[Date "1997.??.??"]
[Round "4"]
[White "Verat, Laurent"]
[Black "Tyomkin, Dimitri"]
[Result "1/2-1/2"]
[WhiteElo "2300"]
[BlackElo "2450"]
[PlyCount "48"]
[GameId "2129405177552605"]
[EventDate "1997.??.??"]
[EventType "swiss"]
[EventRounds "7"]
[EventCountry "FRA"]
[SourceTitle "EXT 2004"]
[Source "ChessBase"]
[SourceDate "2003.11.25"]
[SourceVersion "1"]
[SourceVersionDate "2003.11.25"]
[SourceQuality "1"]

1. Nf3 d5 2. d4 c6 3. c4 e6 4. g3 dxc4 5. Bg2 b5 6. a4 Bb7 7. O-O Nd7 8. b3 cxb3 9. Qxb3 a6 10. e4 Ngf6 11. Nc3 Be7 12. e5 Nd5 13. Nxd5 cxd5 14. axb5 axb5 15. Rxa8 Qxa8 16. Qxb5 Ba6 17. Qa4 Qb7 18. Re1 O-O 19. Ba3 Nb6 20. Qb3 Bc4 21. Qb2 Bxa3 22. Qxa3 Ra8 23. Qb4 Bd3 24. h4 Qa6 1/2-1/2

[Event "Toulouse op"]
[Site "Toulouse FRA"]
[Date "1997.??.??"]
[Round "5"]
[White "Tyomkin, Dimitri"]
[Black "Mrdja, Milan"]
[Result "1/2-1/2"]
[WhiteElo "2450"]
[BlackElo "2425"]
[PlyCount "35"]
[GameId "2129405177552620"]
[EventDate "1997.??.??"]
[EventType "swiss"]
[EventRounds "7"]
[EventCountry "FRA"]
[SourceTitle "EXT 2004"]
[Source "ChessBase"]
[SourceDate "2003.11.25"]
[SourceVersion "1"]
[SourceVersionDate "2003.11.25"]
[SourceQuality "1"]

1. d4 Nf6 2. c4 g6 3. Nc3 d5 4. Nf3 Bg7 5. Bf4 O-O 6. Rc1 dxc4 7. e4 Bg4 8. Bxc4 c6 9. Be3 Nfd7 10. Be2 Bxf3 11. Bxf3 e5 12. dxe5 Bxe5 13. O-O Na6 14. Be2 Nac5 15. b4 Ne6 16. f4 Bg7 17. Bc4 Qe7 18. e5 1/2-1/2

[Event "Toulouse op"]
[Site "Toulouse FRA"]
[Date "1997.??.??"]
[Round "6"]
[White "Safranska, Anda"]
[Black "Tyomkin, Dimitri"]
[Result "1/2-1/2"]
[WhiteElo "2305"]
[BlackElo "2450"]
[PlyCount "120"]
[GameId "2129405177552630"]
[EventDate "1997.??.??"]
[EventType "swiss"]
[EventRounds "7"]
[EventCountry "FRA"]
[SourceTitle "EXT 2004"]
[Source "ChessBase"]
[SourceDate "2003.11.25"]
[SourceVersion "1"]
[SourceVersionDate "2003.11.25"]
[SourceQuality "1"]

1. e4 c5 2. Nf3 d6 3. d4 cxd4 4. Nxd4 Nf6 5. Nc3 Nc6 6. Bc4 Qb6 7. Nb3 e6 8. O-O a6 9. Re1 Be7 10. a4 Na5 11. Nxa5 Qxa5 12. Bf4 Qc7 13. Bb3 O-O 14. a5 Bd7 15. e5 dxe5 16. Bxe5 Qd8 17. Re3 Bc6 18. Rd3 Qe8 19. Rg3 g6 20. Qd2 Nd5 21. Nxd5 exd5 22. Re1 Rd8 23. Bf6 Bxf6 24. Rxe8 Rfxe8 25. h4 Bxb2 26. h5 Bg7 27. hxg6 hxg6 28. Re3 Rxe3 29. Qxe3 Re8 30. Qd2 Re4 31. c3 d4 32. cxd4 Bxd4 33. Bd1 Bc5 34. Bf3 Bb4 35. Qd3 Re1+ 36. Kh2 Bxf3 37. Qxf3 Bxa5 38. Qxb7 Re6 39. f4 Bb6 40. Kh3 Bd4 41. g4 Re3+ 42. Kg2 Re6 43. f5 gxf5 44. gxf5 Rb6 45. Qd5 Bf6 46. Kg3 Kg7 47. Qa5 Rc6 48. Kg4 Rd6 49. Qa3 Be5 50. Qe3 Bf6 51. Kh5 Kf8 52. Qc5 Be7 53. Qe3 Kg8 54. Kg4 Bf6 55. Qc5 Rd4+ 56. Kf3 Ra4 57. Qg1+ Kh7 58. Qa7 Ra3+ 59. Ke4 Ra4+ 60. Kf3 Ra3+ 1/2-1/2

[Event "Toulouse op"]
[Site "Toulouse FRA"]
[Date "1997.??.??"]
[Round "7"]
[White "Tyomkin, Dimitri"]
[Black "Dezan, Pierre"]
[Result "1/2-1/2"]
[WhiteElo "2450"]
[BlackElo "2245"]
[PlyCount "129"]
[GameId "2129405177552646"]
[EventDate "1997.??.??"]
[EventType "swiss"]
[EventRounds "7"]
[EventCountry "FRA"]
[SourceTitle "EXT 2004"]
[Source "ChessBase"]
[SourceDate "2003.11.25"]
[SourceVersion "1"]
[SourceVersionDate "2003.11.25"]
[SourceQuality "1"]

1. d4 e6 2. c4 Bb4+ 3. Nd2 Nf6 4. a3 Bxd2+ 5. Qxd2 O-O 6. Nf3 b6 7. g3 Bb7 8. Bg2 a5 9. b3 Be4 10. a4 d6 11. O-O Nbd7 12. Bb2 h6 13. Ne1 Bxg2 14. Nxg2 Re8 15. f3 e5 16. e4 Nh7 17. Rad1 Ndf8 18. Ne3 f6 19. Nf5 Ne6 20. Kg2 exd4 21. Bxd4 Nxd4 22. Qxd4 Re5 23. f4 Rc5 24. Qd3 Qd7 25. Qf3 Re8 26. Rfe1 Kh8 27. h4 Nf8 28. h5 Qf7 29. Re3 Nd7 30. g4 Nf8 31. Kg3 Nh7 32. Kf2 Nf8 33. Re2 Ne6 34. Kg3 Kh7 35. Ne3 Kh8 36. Nd5 Kg8 37. Rd3 Kh8 38. Rd1 Kg8 39. Qc3 Nf8 40. Qd4 Ne6 41. Qb2 Nd8 42. Rde1 Ne6 43. Re3 Rf8 44. R1e2 Kh8 45. Rf2 Rd8 46. Ree2 c6 47. Ne3 b5 48. Rd2 Qb7 49. Rd3 bxa4 50. bxa4 Qb4 51. Rfd2 Rb8 52. Qxb4 axb4 53. Rxd6 Nc7 54. Rd7 Na6 55. Nf5 b3 56. Rd8+ Kh7 57. Rxb8 Nxb8 58. Rd8 b2 59. Rxb8 Rb5 60. axb5 b1=Q 61. Nh4 Qe1+ 62. Kh3 Qh1+ 63. Kg3 Qe1+ 64. Kh3 Qh1+ 65. Kg3 1/2-1/2

[Event "ISR-ch"]
[Site "Jerusalem ISR"]
[Date "1996.??.??"]
[Round "1"]
[White "Volman, Horassio"]
[Black "Tyomkin, Dimitri"]
[Result "1/2-1/2"]
[WhiteElo "2210"]
[BlackElo "2430"]
[PlyCount "87"]
[GameId "2129405178187989"]
[EventDate "1996.10.26"]
[EventType "swiss"]
[EventRounds "9"]
[EventCountry "ISR"]
[SourceTitle "CBM 56"]

1. Nf3 d5 2. d4 c6 3. e3 Bg4 4. h3 Bh5 5. c4 e6 6. Qb3 Qb6 7. Be2 Nd7 8. Nc3 Ngf6 9. Qxb6 axb6 10. cxd5 exd5 11. O-O Bd6 12. Nd2 Bxe2 13. Nxe2 O-O 14. Rd1 b5 15. Nb3 Ra7 16. a3 Rfa8 17. Bd2 Nb6 18. Rab1 Nc4 19. Be1 Ne4 20. Nc3 f5 21. Nxe4 fxe4 22. Nd2 Kf7 23. Kf1 Ke6 24. Ke2 b6 25. Nxc4 bxc4 26. Bc3 b5 27. Kd2 Ra4 28. Kc2 R4a7 29. Rf1 Rf7 30. Kd2 h5 31. Ke2 Rb8 32. Bb4 Bxb4 33. axb4 Ra7 34. Kd2 Rba8 35. Rbc1 Rf7 36. Rc2 Raf8 37. Ke2 g5 38. Rcc1 g4 39. hxg4 hxg4 40. Ra1 Kd6 41. g3 Rh7 42. Rh1 Ra8 43. Rxh7 Rxa1 44. Kd2 1/2-1/2

[Event "ISR-ch"]
[Site "Jerusalem ISR"]
[Date "1996.??.??"]
[Round "2"]
[White "Tyomkin, Dimitri"]
[Black "Shabtai, Ran"]
[Result "1/2-1/2"]
[WhiteElo "2430"]
[BlackElo "2325"]
[PlyCount "86"]
[GameId "2129405178188007"]
[EventDate "1996.10.26"]
[EventType "swiss"]
[EventRounds "9"]
[EventCountry "ISR"]
[SourceTitle "CBM 56"]

1. d4 Nf6 2. c4 e6 3. Nf3 b6 4. Nc3 Bb4 5. Qc2 Bb7 6. a3 Bxc3+ 7. Qxc3 O-O 8. g3 d6 9. Bg2 Nbd7 10. O-O c5 11. b3 Qe7 12. Bb2 cxd4 13. Nxd4 Bxg2 14. Kxg2 Rac8 15. Qe3 d5 16. cxd5 Nxd5 17. Qf3 Ne5 18. Qe4 Nc6 19. Rac1 Qb7 20. Kg1 Nxd4 21. Bxd4 Rxc1 22. Rxc1 Rc8 23. Rc4 Qd7 24. Qg4 g6 25. Bb2 Rxc4 26. Qxc4 f6 27. Qd3 Qe7 28. Qd4 Kg7 29. Qa4 Qc7 30. Qe8 Qc2 31. Qd7+ Kh6 32. Qxe6 Qxb2 33. Qxd5 Qxe2 34. Kg2 Qe7 35. a4 Kg7 36. h4 h5 37. Qc6 Qb4 38. Qb7+ Kh6 39. Qa8 g5 40. Qh8+ Kg6 41. Qg8+ Kh6 42. Qf7 Qe4+ 43. Kh2 Qd4 1/2-1/2

[Event "ISR-ch"]
[Site "Jerusalem ISR"]
[Date "1996.??.??"]
[Round "5"]
[White "Mittelman, Gur"]
[Black "Tyomkin, Dimitri"]
[Result "1-0"]
[WhiteElo "2375"]
[BlackElo "2430"]
[PlyCount "61"]
[GameId "2129405178188048"]
[EventDate "1996.10.26"]
[EventType "swiss"]
[EventRounds "9"]
[EventCountry "ISR"]
[SourceTitle "CBM 56"]

1. d4 d5 2. c4 e6 3. Nf3 c6 4. Qb3 dxc4 5. Qxc4 b5 6. Qc2 Bb7 7. e4 Nd7 8. Bd3 a6 9. a4 Ngf6 10. O-O Qb6 11. Nc3 b4 12. e5 bxc3 13. exf6 Nxf6 14. bxc3 Qc7 15. Rb1 c5 16. Bf4 Qxf4 17. Rxb7 Bd6 18. Rb6 cxd4 19. cxd4 O-O 20. Rxa6 Rxa6 21. Bxa6 Ng4 22. Qc1 Qf5 23. Bb5 h6 24. Qc3 e5 25. h3 Nf6 26. dxe5 Ne4 27. Qe1 Bxe5 28. Bd3 Re8 29. Bxe4 Bh2+ 30. Kxh2 Rxe4 31. Qb1 1-0

[Event "ISR-ch"]
[Site "Jerusalem ISR"]
[Date "1996.??.??"]
[Round "7"]
[White "Tyomkin, Dimitri"]
[Black "Hadas, Yaron"]
[Result "1-0"]
[WhiteElo "2430"]
[BlackElo "2230"]
[PlyCount "81"]
[GameId "2129405178188080"]
[EventDate "1996.10.26"]
[EventType "swiss"]
[EventRounds "9"]
[EventCountry "ISR"]
[SourceTitle "CBM 56"]

1. d4 d5 2. c4 Bf5 3. cxd5 Bxb1 4. Qa4+ c6 5. Rxb1 Qxd5 6. Nf3 Nd7 7. a3 e5 8. e3 Nb6 9. Qc2 exd4 10. exd4 Nf6 11. Be2 Bd6 12. O-O O-O 13. Bg5 Ne4 14. Be3 Rae8 15. Bd3 h6 16. Rfe1 Nf6 17. h3 Nh5 18. Bf1 Re6 19. Rbd1 Rfe8 20. Ne5 Bb8 21. g4 Nf6 22. f4 Qd8 23. Bd3 Nfd5 24. Bc1 Qh4 25. Kg2 Qd8 26. Bh7+ Kf8 27. Bf5 R6e7 28. Qf2 Qd6 29. Bb1 Qf6 30. h4 g6 31. g5 hxg5 32. hxg5 Qg7 33. Rh1 Nc4 34. Rh3 Kg8 35. Rdh1 Nxe5 36. fxe5 Re6 37. Be4 Bxe5 38. dxe5 Rxe5 39. Bxd5 Re2 40. Bxf7+ Kf8 41. Rh8+ 1-0

[Event "ISR-ch"]
[Site "Jerusalem ISR"]
[Date "1996.??.??"]
[Round "8"]
[White "Tyomkin, Dimitri"]
[Black "Rapoport, Evgeny"]
[Result "1-0"]
[WhiteElo "2430"]
[BlackElo "2195"]
[PlyCount "105"]
[GameId "2129405178188096"]
[EventDate "1996.10.26"]
[EventType "swiss"]
[EventRounds "9"]
[EventCountry "ISR"]
[SourceTitle "CBM 56"]

1. e4 e5 2. Nf3 Nc6 3. Bb5 a6 4. Ba4 Nf6 5. O-O Nxe4 6. d4 b5 7. Bb3 d5 8. dxe5 Be6 9. Nbd2 Bc5 10. Nxe4 dxe4 11. Ng5 Qxd1 12. Rxd1 Bxb3 13. axb3 O-O 14. Nxe4 Bb6 15. Be3 Bxe3 16. fxe3 Nxe5 17. h3 f6 18. Nc5 a5 19. Kf2 Rfd8 20. Rxa5 Rxd1 21. Rxa8+ Kf7 22. Ra7 Rd2+ 23. Kg3 Rxc2 24. Rxc7+ Kg6 25. Ne6 Rxb2 26. Rxg7+ Kh6 27. Rg8 Rxb3 28. Nd4 Rb2 29. Nf5+ Kh5 30. Rg7 Rd2 31. Nd4 Kh6 32. Nf5+ Kh5 33. Kf4 Ng6+ 34. Ke4 Rxg2 35. Rxh7+ Kg5 36. h4+ Kg4 37. h5 Nh4 38. Rg7+ Kxh5 39. Rh7+ Kg5 40. Rxh4 b4 41. Rf4 b3 42. Nd4 b2 43. Rf5+ Kg4 44. Rb5 Rd2 45. Nf5 Kh3 46. Rb8 Kg4 47. Rb7 Rf2 48. Rg7+ Kh3 49. Rg1 Rg2 50. Rb1 Rf2 51. Nd4 Kg4 52. Kd3 f5 53. Ne2 1-0

[Event "Avoine op"]
[Site "Avoine FRA"]
[Date "1996.??.??"]
[Round "?"]
[White "Tyomkin, Dimitri"]
[Black "Peric, Slavisa"]
[Result "1/2-1/2"]
[WhiteElo "2430"]
[BlackElo "2365"]
[PlyCount "28"]
[GameId "2129405179451390"]
[EventDate "1996.??.??"]
[EventType "swiss"]
[EventRounds "9"]
[EventCountry "FRA"]
[SourceTitle "EXT 2004"]
[Source "ChessBase"]
[SourceDate "2003.11.25"]
[SourceVersion "1"]
[SourceVersionDate "2003.11.25"]
[SourceQuality "1"]

1. d4 d5 2. c4 dxc4 3. Nf3 c5 4. e3 e6 5. Bxc4 Nf6 6. O-O a6 7. Bd3 b6 8. e4 cxd4 9. e5 Nfd7 10. Be4 Ra7 11. Qxd4 Bc5 12. Qd2 Be7 13. Nc3 Nc5 14. Qxd8+ Bxd8 1/2-1/2

[Event "ISR-chT"]
[Site "ISR"]
[Date "1996.??.??"]
[Round "1"]
[White "Tyomkin, Dimitri"]
[Black "Golod, Vitali"]
[Result "1/2-1/2"]
[WhiteElo "2340"]
[BlackElo "2555"]
[PlyCount "41"]
[GameId "2129405181114725"]
[EventDate "1996.??.??"]
[EventType "team"]
[EventRounds "11"]
[EventCountry "ISR"]
[SourceTitle "EXP 59"]
[Source "ChessBase"]
[SourceDate "1997.09.26"]
[SourceVersion "1"]
[SourceVersionDate "1997.09.26"]
[SourceQuality "1"]

1. d4 Nf6 2. c4 e6 3. Nf3 d5 4. Nc3 c5 5. cxd5 Nxd5 6. e4 Nxc3 7. bxc3 cxd4 8. cxd4 Bb4+ 9. Bd2 Bxd2+ 10. Qxd2 O-O 11. Bc4 Nc6 12. O-O b6 13. Rad1 Bb7 14. Rfe1 Rc8 15. d5 Na5 16. Bd3 Qe7 17. Qf4 Rfd8 18. Bb1 Nc4 19. Nd4 e5 20. Nf5 Qf6 21. Qg3 1/2-1/2

[Event "ISR-chT"]
[Site "ISR"]
[Date "1996.??.??"]
[Round "2"]
[White "Khenkin, Igor"]
[Black "Tyomkin, Dimitri"]
[Result "1-0"]
[WhiteElo "2575"]
[BlackElo "2340"]
[PlyCount "81"]
[GameId "2129405181114743"]
[EventDate "1996.??.??"]
[EventType "team"]
[EventRounds "11"]
[EventCountry "ISR"]
[SourceTitle "EXP 59"]
[Source "ChessBase"]
[SourceDate "1997.09.26"]
[SourceVersion "1"]
[SourceVersionDate "1997.09.26"]
[SourceQuality "1"]

1. d4 d5 2. c4 c6 3. Nf3 Nf6 4. Nc3 e6 5. Bg5 h6 6. Bxf6 Qxf6 7. e3 Nd7 8. Bd3 dxc4 9. Bxc4 g6 10. O-O Bg7 11. h3 O-O 12. e4 Qe7 13. Qe2 b5 14. Bb3 Bb7 15. Rad1 a6 16. e5 c5 17. d5 c4 18. Bc2 exd5 19. Nxd5 Qc5 20. b4 cxb3 21. Bxb3 Rae8 22. Rc1 Qa7 23. Rc7 Nxe5 24. Ne7+ Rxe7 25. Rxe7 Bxf3 26. Qxe5 Qa8 27. Bxf7+ Rxf7 28. Re8+ Kh7 29. Rxa8 Bxe5 30. gxf3 h5 31. Re1 Bd4 32. Re4 Bc5 33. Re5 Bd4 34. Rd5 Bc3 35. Rxa6 Rxf3 36. Kg2 Rf7 37. Rxb5 Bd4 38. f3 Rc7 39. f4 Rc2+ 40. Kf3 Rh2 41. Rb7+ 1-0

[Event "ISR-chT"]
[Site "ISR"]
[Date "1996.??.??"]
[Round "7"]
[White "Stepak, Yedael"]
[Black "Tyomkin, Dimitri"]
[Result "1/2-1/2"]
[WhiteElo "2330"]
[BlackElo "2340"]
[PlyCount "88"]
[GameId "2129405181123097"]
[EventDate "1996.??.??"]
[EventType "team"]
[EventRounds "11"]
[EventCountry "ISR"]
[SourceTitle "EXP 59"]
[Source "ChessBase"]
[SourceDate "1997.09.26"]
[SourceVersion "1"]
[SourceVersionDate "1997.09.26"]
[SourceQuality "1"]

1. d4 d5 2. c4 c6 3. Nf3 Nf6 4. Nc3 e6 5. Bg5 h6 6. Bxf6 Qxf6 7. e3 Nd7 8. Bd3 dxc4 9. Bxc4 g6 10. O-O Bg7 11. e4 e5 12. dxe5 Nxe5 13. Nxe5 Qxe5 14. Kh1 g5 15. a4 O-O 16. Qe2 Be6 17. Rad1 Rad8 18. g3 Bxc4 19. Qxc4 Qe6 20. Qxe6 fxe6 21. Kg2 a5 22. Rxd8 Rxd8 23. Rd1 Rxd1 24. Nxd1 b5 25. b3 Bd4 26. Kf3 Kf7 27. h3 Ke7 28. Ke2 Kd6 29. Kd2 Kc5 30. axb5 cxb5 31. f4 gxf4 32. gxf4 Bg7 33. Nc3 Kb4 34. e5 h5 35. Kc2 Bh6 36. f5 exf5 37. e6 Bg5 38. Nd5+ Ka3 39. e7 Bxe7 40. Nxe7 f4 41. Nc6 f3 42. Kd3 a4 43. bxa4 bxa4 44. Nd4 Kb2 1/2-1/2

[Event "ISR-chT"]
[Site "ISR"]
[Date "1996.??.??"]
[Round "8"]
[White "Tyomkin, Dimitri"]
[Black "Shmuter, Leonid"]
[Result "1-0"]
[WhiteElo "2340"]
[BlackElo "2490"]
[PlyCount "151"]
[GameId "2129405181123126"]
[EventDate "1996.??.??"]
[EventType "team"]
[EventRounds "11"]
[EventCountry "ISR"]
[SourceTitle "EXP 59"]
[Source "ChessBase"]
[SourceDate "1997.09.26"]
[SourceVersion "1"]
[SourceVersionDate "1997.09.26"]
[SourceQuality "1"]

1. d4 d5 2. c4 e6 3. Nf3 c5 4. cxd5 exd5 5. g3 Nf6 6. Bg2 Be7 7. Nc3 Nc6 8. O-O O-O 9. b3 Bg4 10. dxc5 Bxc5 11. Bb2 Re8 12. Rc1 Bf8 13. h3 Bf5 14. Nd4 Nxd4 15. Qxd4 Qa5 16. a3 Rad8 17. b4 Qa6 18. Rfd1 Rc8 19. Nxd5 Rxc1 20. Nxf6+ Qxf6 21. Rxc1 Rxe2 22. Qxf6 gxf6 23. Bxf6 b6 24. g4 Bd7 25. Bf3 Rd2 26. Rc7 a5 27. bxa5 bxa5 28. Rb7 h6 29. Rb8 Rc2 30. Ra8 Rc4 31. Kg2 Rc6 32. Be5 Rc8 33. Rxa5 Rc5 34. Rxc5 Bxc5 35. Bb2 Ba4 36. Bd5 Kf8 37. f4 Bd6 38. Kf3 Bd1+ 39. Kg3 Ba4 40. Be4 Kg8 41. Bd5 Kf8 42. h4 Kg8 43. g5 hxg5 44. hxg5 Kf8 45. Kg4 Bd1+ 46. Bf3 Bb3 47. Bc6 Bd1+ 48. Kg3 Bb3 49. a4 Bb4 50. Bf6 Ba5 51. f5 Bc2 52. Bd7 Bd3 53. Kf3 Bc4 54. Ke4 Ba6 55. Kd5 Be2 56. g6 Bd3 57. g7+ Kg8 58. Bd4 Kh7 59. f6 Kg8 60. Kc6 Bc4 61. Kb7 Bd3 62. Bc6 Bc4 63. Bb6 Bc3 64. Bd8 Bd3 65. a5 Bxa5 66. Bxa5 Bc2 67. Kb6 Bd3 68. Kc5 Be4 69. Kd6 Bd3 70. Ke7 Be4 71. Be8 Bd5 72. Bd7 Bc4 73. Bf5 Bd3 74. Be6 Bg6 75. Bd5 Bh5 76. Be4 1-0

[Event "ISR-chT"]
[Site "ISR"]
[Date "1996.??.??"]
[Round "9"]
[White "Kraidman, Yair"]
[Black "Tyomkin, Dimitri"]
[Result "0-1"]
[WhiteElo "2365"]
[BlackElo "2340"]
[PlyCount "154"]
[GameId "2129405181123145"]
[EventDate "1996.??.??"]
[EventType "team"]
[EventRounds "11"]
[EventCountry "ISR"]
[SourceTitle "EXP 59"]
[Source "ChessBase"]
[SourceDate "1997.09.26"]
[SourceVersion "1"]
[SourceVersionDate "1997.09.26"]
[SourceQuality "1"]

1. d4 d5 2. Nf3 Nf6 3. c4 c6 4. Nc3 e6 5. Bg5 h6 6. Bxf6 Qxf6 7. e3 Nd7 8. cxd5 exd5 9. Bd3 Bd6 10. O-O O-O 11. Qc2 Qe7 12. Rfe1 Nf6 13. h3 Re8 14. e4 dxe4 15. Nxe4 Nxe4 16. Rxe4 Be6 17. Rae1 Qd7 18. Bc4 Bxc4 19. Qxc4 Rxe4 20. Rxe4 Qf5 21. Re1 a6 22. Qb3 Qb5 23. Re3 Qxb3 24. Rxb3 b5 25. Rc3 Rc8 26. Kf1 f6 27. Ke2 Kf7 28. Kd3 Ke6 29. Rc2 Kd5 30. Nh4 Re8 31. Nf5 Bf8 32. Ne3+ Kd6 33. f4 Kd7 34. g3 Bd6 35. Nf5 Bf8 36. Ne3 Bd6 37. b3 h5 38. h4 g6 39. Rf2 f5 40. a4 bxa4 41. bxa4 Rb8 42. Rc2 Rb1 43. d5 Rb3+ 44. Rc3 Rxc3+ 45. Kxc3 Bc5 46. dxc6+ Kxc6 47. Nc4 Bf2 48. Ne5+ Kd5 49. Kd3 Bxg3 50. Nxg6 Ke6 51. Ke3 Kf6 52. Ne5 Bxh4 53. Nd3 a5 54. Kd4 Bg3 55. Ke3 Ke6 56. Kf3 Bh4 57. Nb2 Be1 58. Nc4 h4 59. Ne3 h3 60. Nc2 Bh4 61. Nd4+ Kf6 62. Nc2 h2 63. Kg2 Bg3 64. Ne3 Bxf4 65. Nd5+ Kg5 66. Nc3 Bg3 67. Ne2 f4 68. Nd4 Kf6 69. Kh1 Kg5 70. Kg2 Kg6 71. Kh1 Kf7 72. Nc6 Ke6 73. Nxa5 f3 74. Nb3 Bf4 75. Nc5+ Kf5 76. Nd3 Bg3 77. a5 Ke4 0-1

[Event "Tel Aviv Cup rapid"]
[Site "Tel Aviv ISR"]
[Date "1996.??.??"]
[Round "1"]
[White "Tyomkin, Dimitri"]
[Black "Vydeslaver, Alik"]
[Result "1-0"]
[WhiteElo "2340"]
[BlackElo "2480"]
[PlyCount "48"]
[GameId "2129405182784558"]
[EventDate "1996.??.??"]
[EventType "k.o."]
[EventRounds "6"]
[EventCountry "ISR"]
[SourceTitle "EXP 59"]
[Source "ChessBase"]
[SourceDate "1997.09.26"]
[SourceVersion "1"]
[SourceVersionDate "1997.09.26"]
[SourceQuality "1"]

1. d4 g6 2. c4 Bg7 3. e4 Nc6 4. Nf3 e5 5. dxe5 Nxe5 6. Nxe5 Bxe5 7. Bd3 Ne7 8. f4 Bg7 9. Nc3 d6 10. Be3 O-O 11. O-O f5 12. Qd2 Be6 13. Rae1 Qd7 14. b3 a6 15. Kh1 Rab8 16. Bg1 Rfe8 17. Bb1 b5 18. cxb5 axb5 19. Bd4 Bxd4 20. Qxd4 c5 21. Qf6 Rf8 22. Qg5 Rbe8 23. g4 Qc6 24. Kg1 fxg4 1-0

[Event "Tel Aviv Cup rapid"]
[Site "Tel Aviv ISR"]
[Date "1996.??.??"]
[Round "1"]
[White "Vydeslaver, Alik"]
[Black "Tyomkin, Dimitri"]
[Result "1/2-1/2"]
[WhiteElo "2480"]
[BlackElo "2340"]
[PlyCount "39"]
[GameId "2129405182784559"]
[EventDate "1996.??.??"]
[EventType "k.o."]
[EventRounds "6"]
[EventCountry "ISR"]
[SourceTitle "EXP 59"]
[Source "ChessBase"]
[SourceDate "1997.09.26"]
[SourceVersion "1"]
[SourceVersionDate "1997.09.26"]
[SourceQuality "1"]

1. e4 d5 2. exd5 Nf6 3. d4 Nxd5 4. Nf3 g6 5. c4 Nb6 6. Nc3 Bg7 7. Be3 O-O 8. h3 Nc6 9. Be2 e5 10. dxe5 Nxe5 11. Nxe5 Bxe5 12. Qxd8 Rxd8 13. Rc1 c6 14. O-O Be6 15. b3 f5 16. f4 Bd4 17. Kf2 Bxe3+ 18. Kxe3 a5 19. Rfd1 Re8 20. Kf2 1/2-1/2

[Event "Tel Aviv Cup rapid"]
[Site "Tel Aviv ISR"]
[Date "1996.??.??"]
[Round "2"]
[White "Finkel, Alexander"]
[Black "Tyomkin, Dimitri"]
[Result "0-1"]
[WhiteElo "2500"]
[BlackElo "2340"]
[PlyCount "58"]
[GameId "2129405182784575"]
[EventDate "1996.??.??"]
[EventType "k.o."]
[EventRounds "6"]
[EventCountry "ISR"]
[SourceTitle "EXP 59"]
[Source "ChessBase"]
[SourceDate "1997.09.26"]
[SourceVersion "1"]
[SourceVersionDate "1997.09.26"]
[SourceQuality "1"]

1. e4 c5 2. c3 d5 3. exd5 Qxd5 4. d4 cxd4 5. cxd4 Nc6 6. Nf3 e5 7. Nc3 Bb4 8. Bd2 Bxc3 9. Bxc3 e4 10. Ne5 Nxe5 11. dxe5 Ne7 12. Be2 O-O 13. O-O Bf5 14. Qc1 Qe6 15. Rd1 Rfd8 16. Qg5 h6 17. Qg3 Nd5 18. Bd4 Nb4 19. Qb3 Qxb3 20. axb3 Rxd4 21. Rxd4 Nc2 22. Rad1 Nxd4 23. Rxd4 Rc8 24. g4 Be6 25. Bc4 Bxg4 26. Rxe4 Be6 27. f4 Rd8 28. Re2 Rd4 29. Bxe6 fxe6 0-1

[Event "Tel Aviv Cup rapid"]
[Site "Tel Aviv ISR"]
[Date "1996.??.??"]
[Round "2"]
[White "Finkel, Alexander"]
[Black "Tyomkin, Dimitri"]
[Result "1/2-1/2"]
[WhiteElo "2500"]
[BlackElo "2340"]
[PlyCount "38"]
[GameId "2129405182784576"]
[EventDate "1996.??.??"]
[EventType "k.o."]
[EventRounds "6"]
[EventCountry "ISR"]
[SourceTitle "EXP 59"]
[Source "ChessBase"]
[SourceDate "1997.09.26"]
[SourceVersion "1"]
[SourceVersionDate "1997.09.26"]
[SourceQuality "1"]

1. e4 c5 2. c3 d5 3. exd5 Qxd5 4. d4 cxd4 5. cxd4 Nc6 6. Nf3 e5 7. Nc3 Bb4 8. Bd2 Bxc3 9. Bxc3 e4 10. Ne5 Nxe5 11. dxe5 Ne7 12. Be2 O-O 13. O-O Bf5 14. Qc1 Qe6 15. Qg5 h6 16. Qg3 Rfe8 17. Rac1 Nd5 18. Bd4 Nb4 19. f3 exf3 1/2-1/2